| 000 | 00720nam a22002057a 4500 | ||
|---|---|---|---|
| 005 | 20150921120450.0 | ||
| 010 | _aENG-113738 | ||
| 020 |
_a9788120351332 _c595.00 |
||
| 035 | _aEN- 97270 | ||
| 037 | _bDBAD/PUB | ||
| 082 | _a621 | ||
| 100 | _aSawhney, G.S. | ||
| 245 |
_aFundamentals of mechanical engineering : _cby G.S. Sawhney _bthemodynamics, mechanics, theory of machines, strengh of materials and fluid dynamics / |
||
| 250 | _a3ed ed | ||
| 260 |
_aDelhi _bPHI Learning _c2015 |
||
| 270 |
_aRimjhim House, 111, Patparganj Industrial Estate, _bDelhi _e110092 |
||
| 300 |
_ax,938p. : _c25cm(pbk) _bill. |
||
| 500 | _aIncludes bibliographical references and index | ||
| 942 |
_2ddc _cEN _mSAW _h621 |
||
| 999 |
_c95353 _d95353 |
||